000 00308nam a22001337a 4500
008 180122b xxu||||| |||| 00| 0 eng d
020 _a9781599417042
041 _aeng
080 _212 ED
_a34
100 _a14
101 _aJUR
245 _aTORTS CASES AND MATERIALS
_cVICTOR.E.SCH
942 _2udc
_cBK
999 _c40631
_d40631